Recent advances in South American mammalian paleontology (Registro nro. 10440)

Detalles MARC
000 -CABECERA
Campo de control 004700000a22001690004500
090 ## - CLASIFICACIÓN LOCAL
Colección AR
Consecutivo 01355
041 0# - IDIOMA
Código de idioma para texto/pista de sonido o título separado
100 1# - ASIENTO PRINCIPAL--NOMBRE PERSONAL
Nombre personal Flynn, John J.
245 10 - MENCION DE TITULO
Título Recent advances in South American mammalian paleontology
650 14 - ASIENTO SECUNDARIO DE MATERIA - TERMINO TEMATICO
Término temático o nombre geográfico como elemento de entrada Evolución
650 14 - ASIENTO SECUNDARIO DE MATERIA - TERMINO TEMATICO
Término temático o nombre geográfico como elemento de entrada Mamíferos
650 14 - ASIENTO SECUNDARIO DE MATERIA - TERMINO TEMATICO
Término temático o nombre geográfico como elemento de entrada Paleofauna
651 #4 - ASIENTO SECUNDARIO DE MATERIA - NOMBRE GEOGRAFICO
-- América del Sur
700 1# - ASIENTO SECUNDARIO - NOMBRE PERSONAL
Nombre personal Wyss, André R.
773 1# - Item fuente:
Título Tree
Especificación de materiales 30
Descripción física 11
Paginas del Articulo 449-454
Lugar, editorial y fecha de publicación 1998
Información sobre la relación 13
942 ## - ELEMENTOS ADICIONALES (KOHA)
Tipo de ítem Artículo
Existencias
Withdrawn status Lost status Damaged status No para préstamo Colección Ubicación Permanente Ubicación actual Fecha de adquisición Fuente de Valor Datos de publicación Seriada Total Checkouts Número topográfico Inventario / Código de Barras Date last seen Ejemplar Price effective from Forma de adquisición Tipo de material
      No para Préstamo Hemeroteca Bogotá Bogotá 27/02/2015 Muñoz Saba, Yaneth Fuera de circulación   AR 01355 011699 25/03/2015 1 25/03/2015   Artículo